Recomendaciones del CELADE para la investigación de las características demográficas en el censo nacional de Costa Rica de 1983

Guardat en:
Dades bibliogràfiques
Autor corporatiu: CELADE
Format: Text
Publicat: San José: ADEC
Matèries:
Etiquetes: Afegir etiqueta
Sense etiquetes, Sigues el primer a etiquetar aquest registre!

MARC

LEADER 00000 a a2200000 04500
001 15123
003
040
090 |a 022600  
110 |a CELADE  
245 |a Recomendaciones del CELADE para la investigación de las características demográficas en el censo nacional de Costa Rica de 1983  
260 |a San José:   |b ADEC  
300 |a 19 p.  
650 |a INDICADORES DEMOGRAFICOS  
999 |c 15108  |d 15108